Postavenie a úlohy priemyselného výskumu na Slovensku

Jeden z hlavných faktorov podmieňujúcich konkurencieschopnosť ekonomiky je výskum a vývoj. Dlh inovačnému rozvoju. Aktuálny stav priemyselného výskumu. Opak praxe vyspelých krajín. Koncepcia štátnej vednej a technickej politiky. Slovenská veda a svetová úroveň. Dokončenie v ďalšom čísle.

Gespeichert in:
Bibliographische Detailangaben
Format: Buchkapitel
Sprache:Slowakisch
Schlagworte:
Tags: Tag hinzufügen
Keine Tags, Fügen Sie das erste Tag hinzu!

MARC

LEADER 00000naa a2200000 4500
001 r042106
005 20230801100033.5
041 0 |a slo 
044 |a SK 
245 1 0 |a Postavenie a úlohy priemyselného výskumu na Slovensku 
520 |a Jeden z hlavných faktorov podmieňujúcich konkurencieschopnosť ekonomiky je výskum a vývoj. Dlh inovačnému rozvoju. Aktuálny stav priemyselného výskumu. Opak praxe vyspelých krajín. Koncepcia štátnej vednej a technickej politiky. Slovenská veda a svetová úroveň. Dokončenie v ďalšom čísle. 
610 2 0 |a výskum 
610 2 0 |a vývoj 
610 2 0 |a veda 
610 2 0 |a výskum vedeckotechnický 
610 2 0 |a výskum vedecký 
610 2 0 |a politika vedecká 
610 2 0 |a rozvoj vedecký 
610 2 0 |a porovnanie medzinárodné 
610 2 0 |a Slovensko 
610 2 0 |a veda